[Event "DFMM: Bayern-NRW I"]
[Site "Braunfels"]
[Date "2010.06.04"]
[Round "2.1"]
[White "Dergatschova, Anna"]
[Black "Jussupow, Nadia"]
[Result "1-0"]
[WhiteElo "2232"]
[BlackElo "2148"]
[PlyCount "51"]
[EventDate "2010.06.03"]
[WhiteTeam "NRW I"]
[BlackTeam "Bayern"]

1. e4 e5 2. Nf3 Nf6 3. d4 Nxe4 4. dxe5 d5 5. Bd3 Nc5 6. Nc3 Be6 7. O-O Be7 8.
Nd4 O-O 9. f4 Nxd3 10. Qxd3 c5 11. Nxe6 fxe6 12. f5 c4 13. Qh3 Bc5+ 14. Kh1 Nc6
15. f6 Qd7 16. Bf4 gxf6 17. Bh6 Nxe5 18. Bxf8 Rxf8 19. Rad1 f5 20. Qg3+ Ng4 21.
h3 Rf6 22. Ne4 Kf8 23. Nxc5 Qc6 24. Qb8+ Kf7 25. Nxb7 Qb6 26. Nd6+ 1-0

[Event "DFMM: Bayern-NRW I"]
[Site "Braunfels"]
[Date "2010.06.04"]
[Round "2.2"]
[White "Ankerst, Milka"]
[Black "Rudolph, Anna"]
[Result "1/2-1/2"]
[WhiteElo "2134"]
[BlackElo "2271"]
[PlyCount "57"]
[EventDate "2010.06.03"]
[WhiteTeam "Bayern"]
[BlackTeam "NRW I"]

1. e4 Nf6 2. e5 Nd5 3. d4 d6 4. c4 Nb6 5. exd6 exd6 6. Nc3 Be7 7. Nf3 Bf5 8.
Be3 O-O 9. Bd3 Qd7 10. O-O Nc6 11. b3 Rfe8 12. Rc1 Bf6 13. Bxf5 Qxf5 14. Qc2
Qxc2 15. Rxc2 g6 16. Rd1 Rac8 17. c5 Nb4 18. Rcc1 N6d5 19. a3 Nxc3 20. Rxc3 Nd5
21. Rcd3 dxc5 22. dxc5 Nxe3 23. fxe3 Rcd8 24. Kf2 Kf8 25. Rd7 Rxd7 26. Rxd7 Re7
27. Rd8+ Re8 28. Rd7 Re7 29. Rd8+ 1/2-1/2

[Event "DFMM: Niedersachsen-Thüringen"]
[Site "Braunfels"]
[Date "2010.06.04"]
[Round "2.2"]
[White "Schulze, Doretee"]
[Black "Müller-Ludwig, Kristin"]
[Result "1/2-1/2"]
[WhiteElo "1986"]
[BlackElo "2151"]
[PlyCount "44"]
[EventDate "2010.06.03"]
[WhiteTeam "NRW I"]
[BlackTeam "Bayern"]

1. e4 e6 2. d4 d5 3. Nd2 c5 4. exd5 Qxd5 5. Ngf3 cxd4 6. Bc4 Qd6 7. O-O Nf6 8.
Nb3 Nc6 9. Nbxd4 Nxd4 10. Qxd4 Qxd4 11. Nxd4 a6 12. a4 Bd7 13. Nb3 Bd6 14. c3
O-O-O 15. Bg5 h6 16. Bh4 Kb8 17. Bg3 Bc6 18. f3 Bxg3 19. hxg3 Bd5 20. Bxd5 Rxd5
21. Rad1 Rhd8 22. Rd4 Rxd4 1/2-1/2

[Event "DFMM: Bayern-NRW I"]
[Site "Braunfels"]
[Date "2010.06.04"]
[Round "2.4"]
[White "Dirmeier, Carolin"]
[Black "Freitag, Julia"]
[Result "0-1"]
[WhiteElo "2019"]
[BlackElo "2202"]
[PlyCount "34"]
[EventDate "2010.06.03"]
[WhiteTeam "Bayern"]
[BlackTeam "NRW I"]

1. e4 e6 2. d4 d5 3. exd5 exd5 4. Nf3 Nc6 5. Bb5 Bd6 6. c4 dxc4 7. Bxc4 Nf6 8.
O-O O-O 9. Re1 Bg4 10. Bg5 Bxf3 11. Qxf3 Nxd4 12. Qd3 c5 13. Nc3 Bxh2+ 14. Kh1
Bb8 15. Ne4 Nxe4 16. Bxd8 Nxf2+ 17. Kg1 Nxd3 0-1

[Event "DFMM: Bayern-NRW I"]
[Site "Braunfels"]
[Date "2010.06.04"]
[Round "2.5"]
[White "Nattermüller, Irina"]
[Black "Niedermaier, Barbara"]
[Result "1-0"]
[WhiteElo "2100"]
[BlackElo "2003"]
[PlyCount "75"]
[EventDate "2010.06.03"]
[WhiteTeam "NRW I"]
[BlackTeam "Bayern"]

1. e4 c5 2. Nf3 Nc6 3. d4 cxd4 4. Nxd4 g6 5. Nc3 Nf6 6. Be2 Bg7 7. Nb3 O-O 8.
O-O e6 9. Bg5 h6 10. Bh4 Qe8 11. Nb5 Rb8 12. Nd6 Qd8 13. c3 Qc7 14. f4 Ne8 15.
Nb5 Qb6+ 16. Bf2 Qd8 17. Bc5 d6 18. Nxd6 Bd7 19. Nb5 Nf6 20. Nd6 b6 21. Ba3 Qc7
22. Nb5 Qb7 23. Bxf8 Bxf8 24. Bf3 Na5 25. Nd6 Qc7 26. e5 Ne8 27. Ne4 Nc4 28.
Rf2 Rd8 29. Qe1 Bc6 30. Rd1 Bd5 31. Kh1 Be7 32. Re2 g5 33. Qg3 Nxb2 34. Rxb2
Bxe4 35. Rxd8 Qxd8 36. Rd2 Bd5 37. c4 Bb4 38. Rd1 1-0

[Event "DFMM: Bayern-NRW I"]
[Site "Braunfels"]
[Date "2010.06.04"]
[Round "2.7"]
[White "Leveikina, Jevgenija"]
[Black "Roos, Karin"]
[Result "1-0"]
[WhiteElo "2076"]
[BlackElo "1875"]
[PlyCount "101"]
[EventDate "2010.06.03"]
[WhiteTeam "NRW I"]
[BlackTeam "Bayern"]

1. d4 Nf6 2. Nf3 g6 3. g3 Bg7 4. Bg2 O-O 5. O-O d6 6. c3 Nbd7 7. Nbd2 Re8 8.
Qc2 e5 9. dxe5 Nxe5 10. Nxe5 Rxe5 11. e4 d5 12. exd5 Nxd5 13. Nc4 Re8 14. Rd1
c6 15. Ne3 Qa5 16. Nxd5 cxd5 17. Be3 Bf5 18. Qb3 Be4 19. Bxe4 dxe4 20. Rd7 Qf5
21. Rxb7 a6 22. Rd1 Rad8 23. Rxd8 Rxd8 24. Rb8 Qd7 25. Rxd8+ Qxd8 26. Qc2 f5
27. Qd2 Qa5 28. a3 Bf6 29. Qd7 Qb5 30. Qxb5 axb5 31. Kf1 Kf7 32. Ke2 Ke6 33.
Kd2 Kd5 34. Kc2 Be7 35. h4 h5 36. Kb3 Bd6 37. a4 bxa4+ 38. Kxa4 Kc4 39. b4 Kxc3
40. b5 Kc4 41. Ka5 Kd3 42. b6 Bxg3 43. fxg3 Kxe3 44. b7 Kd2 45. b8=Q e3 46. Qf4
Kd3 47. Qd6+ Ke2 48. Qxg6 Kd1 49. Qxf5 e2 50. Qxh5 Kd2 51. Qxe2+ 1-0

[Event "DFMM: Bayern-NRW I"]
[Site "Braunfels"]
[Date "2010.06.04"]
[Round "2.8"]
[White "Metzner, Anita"]
[Black "Vogel, Heike"]
[Result "0-1"]
[WhiteElo "1613"]
[BlackElo "2095"]
[PlyCount "76"]
[EventDate "2010.06.03"]
[WhiteTeam "Bayern"]
[BlackTeam "NRW I"]

1. d4 Nf6 2. Nf3 c5 3. Bg5 Qb6 4. b3 Ne4 5. dxc5 Qxc5 6. Be3 Qa5+ 7. Bd2 Nxd2
8. Qxd2 Qxd2+ 9. Nbxd2 g6 10. e3 Bg7 11. Rd1 Nc6 12. a3 d5 13. Be2 O-O 14. O-O
e5 15. c4 d4 16. exd4 exd4 17. Bd3 f5 18. Rfe1 Bd7 19. Re2 Rae8 20. Rde1 a5 21.
Rxe8 Rxe8 22. Rxe8+ Bxe8 23. h3 Bf8 24. Nb1 Kg7 25. Kf1 Kf6 26. Ke2 g5 27. g4
fxg4 28. hxg4 Bd7 29. Bxh7 Bxg4 30. Be4 Ne5 31. Nbd2 Bxa3 32. Bxb7 Bc1 33. Ne4+
Kg6 34. Ng3 d3+ 35. Kd1 d2 36. Be4+ Kf6 37. Nf1 Nxf3 38. Nxd2 Nxd2+ 0-1

[Event "DFMM: NRW II-Schleswig-Holstein"]
[Site "Braunfels"]
[Date "2010.06.04"]
[Round "2.1"]
[White "Leib, Britta"]
[Black "Zhang, Fan"]
[Result "0-1"]
[WhiteElo "1985"]
[BlackElo "2057"]
[PlyCount "60"]
[EventDate "2010.06.03"]
[WhiteTeam "Schleswig-Holstein"]
[BlackTeam "NRW II"]

1. e4 e6 2. d4 d5 3. exd5 exd5 4. Nf3 Bd6 5. c4 Qe7+ 6. Be3 Nf6 7. Be2 dxc4 8.
Qa4+ Nc6 9. Nc3 O-O 10. Qxc4 a6 11. O-O Bf5 12. a3 h6 13. Rfe1 Rfe8 14. Rac1
Qd7 15. Bf1 Rad8 16. h3 Qc8 17. Bd2 Rxe1 18. Rxe1 Re8 19. Rxe8+ Qxe8 20. Be3
Ne7 21. Qb3 Bc8 22. Bd3 c6 23. Ne4 Nxe4 24. Bxe4 Bf5 25. Nd2 Qd7 26. Kf1 Be6
27. Qc2 Nd5 28. Nc4 Bb8 29. Bxd5 Qxd5 30. Nb6 Qb5+ 0-1

[Event "DFMM: NRW II-Schleswig-Holstein"]
[Site "Braunfels"]
[Date "2010.06.04"]
[Round "2.2"]
[White "Roitburd, Marina"]
[Black "Marx, Inga"]
[Result "1-0"]
[WhiteElo "1969"]
[BlackElo "1756"]
[PlyCount "57"]
[EventDate "2010.06.03"]
[WhiteTeam "NRW II"]
[BlackTeam "Schleswig-Holstein"]

1. e4 c6 2. d4 g6 3. Nc3 d5 4. Be3 Bg7 5. Qd2 dxe4 6. Nxe4 Nd7 7. Bc4 Nb6 8.
Bb3 Nd5 9. Nf3 Ngf6 10. Nxf6+ Nxf6 11. O-O-O a5 12. Ne5 O-O 13. a3 a4 14. Ba2
Bd7 15. Bh6 b5 16. Qg5 Rb8 17. Nxg6 Bxh6 18. Qxh6 hxg6 19. Qxg6+ Kh8 20. Bxf7
b4 21. Qh6+ Nh7 22. Bg6 Rf7 23. Bxf7 bxa3 24. Bg6 axb2+ 25. Kb1 Qg8 26. Rd3 Be6
27. Qxh7+ Qxh7 28. Bxh7 Kxh7 29. Re1 1-0

[Event "DFMM: NRW II-Schleswig-Holstein"]
[Site "Braunfels"]
[Date "2010.06.04"]
[Round "2.3"]
[White "Freter, Anke"]
[Black "Hund, Isabel"]
[Result "1/2-1/2"]
[WhiteElo "1951"]
[BlackElo "2072"]
[PlyCount "26"]
[EventDate "2010.06.03"]
[WhiteTeam "Schleswig-Holstein"]
[BlackTeam "NRW II"]

1. e4 d6 2. d4 g6 3. Nc3 Bg7 4. g3 Nd7 5. Bg2 e5 6. Be3 Ne7 7. h4 h5 8. Nf3 Nc6
9. Qd2 exd4 10. Nxd4 Nde5 11. b3 Bg4 12. f4 Nd7 13. O-O O-O 1/2-1/2

[Event "DFMM: NRW II-Schleswig-Holstein"]
[Site "Braunfels"]
[Date "2010.06.04"]
[Round "2.4"]
[White "Sokalska, Viktorija"]
[Black "Hielscher, Ursula"]
[Result "1/2-1/2"]
[WhiteElo "2026"]
[BlackElo "1878"]
[PlyCount "65"]
[EventDate "2010.06.03"]
[WhiteTeam "NRW II"]
[BlackTeam "Schleswig-Holstein"]

1. e4 e6 2. d4 d5 3. exd5 exd5 4. c4 Be6 5. Nf3 Be7 6. Nc3 dxc4 7. Bxc4 Bxc4 8.
Qa4+ Nc6 9. Qxc4 Nf6 10. O-O O-O 11. Bf4 Bd6 12. Bg5 h6 13. Bh4 a6 14. Rfe1 Be7
15. Rad1 Nd7 16. d5 Nce5 17. Nxe5 Nxe5 18. Rxe5 Bxh4 19. Rde1 Bf6 20. R5e2 Bxc3
21. bxc3 Qd6 22. Re7 Rac8 23. Qd4 b5 24. g3 Rfd8 25. R1e5 Qa3 26. Qf4 Rf8 27.
Qf5 Rcd8 28. Rxc7 Qxa2 29. Qf3 Qb1+ 30. Kg2 Qg6 31. Rc6 Rd6 32. Rxd6 Qxd6 33.
Qe4 1/2-1/2

[Event "DFMM: NRW II-Schleswig-Holstein"]
[Site "Braunfels"]
[Date "2010.06.04"]
[Round "2.5"]
[White "Polert, Annika"]
[Black "Karmann, Anna"]
[Result "1/2-1/2"]
[WhiteElo "1692"]
[BlackElo "1924"]
[PlyCount "127"]
[EventDate "2010.06.03"]
[WhiteTeam "Schleswig-Holstein"]
[BlackTeam "NRW II"]

1. c4 e6 2. g3 Nf6 3. Bg2 d5 4. cxd5 exd5 5. Nf3 Be7 6. O-O O-O 7. d4 Nbd7 8.
Nc3 c6 9. Nd2 Re8 10. e4 dxe4 11. Ndxe4 Nxe4 12. Nxe4 Nf6 13. Nxf6+ Bxf6 14.
Be3 Be6 15. Qa4 Bd5 16. Bxd5 Qxd5 17. Rfd1 a6 18. Qb4 Re7 19. b3 Rd8 20. Rac1
Red7 21. Rd2 h5 22. h4 Be7 23. Qc3 a5 24. Qb2 Qf3 25. Rcd1 Bd6 26. Rd3 Re8 27.
Bf4 Re2 28. Rxf3 Rxb2 29. Bxd6 Rxd6 30. a3 g6 31. Kg2 Rd5 32. Rdd3 Kg7 33. Kg1
Rd6 34. Kg2 f6 35. Rfe3 Kf7 36. Re4 Re6 37. Rxe6 Kxe6 38. Kf3 Kd5 39. Ke3 b5
40. Rc3 Rb1 41. Rc5+ Kd6 42. Rc3 Ra1 43. a4 bxa4 44. bxa4 Rxa4 45. Rc5 Ra2 46.
f3 a4 47. g4 hxg4 48. fxg4 a3 49. h5 gxh5 50. gxh5 Rh2 51. Ra5 Kc7 52. Kf4 a2
53. Kg3 Kb6 54. Ra3 Rxh5 55. Rxa2 Kb5 56. Kf3 Kc4 57. Rc2+ Kb5 58. Ke3 Rd5 59.
Ke4 f5+ 60. Ke3 f4+ 61. Ke4 f3 62. Rb2+ Kc4 63. Rc2+ Kb5 64. Rb2+ 1/2-1/2

[Event "DFMM: NRW II-Schleswig-Holstein"]
[Site "Braunfels"]
[Date "2010.06.04"]
[Round "2.6"]
[White "Mass, Elvira"]
[Black "Bücker, Simone"]
[Result "1-0"]
[WhiteElo "1981"]
[BlackElo "1674"]
[PlyCount "49"]
[EventDate "2010.06.03"]
[WhiteTeam "NRW II"]
[BlackTeam "Schleswig-Holstein"]

1. e4 d5 2. exd5 Nf6 3. d4 Nxd5 4. Nf3 Bf5 5. Bd3 Bxd3 6. Qxd3 c6 7. O-O e6 8.
c4 Nf6 9. Nc3 Be7 10. Ne5 Nbd7 11. f4 O-O 12. Be3 Qc7 13. Rf3 Rad8 14. Rd1 c5
15. Rh3 h6 16. Ne4 Nxe4 17. Qxe4 Nxe5 18. fxe5 cxd4 19. Bxh6 Bc5 20. Bxg7 d3+
21. Kh1 f5 22. exf6 Kf7 23. Bxf8 Kxf8 24. Rh8+ Kf7 25. Rh7+ 1-0

[Event "DFMM: NRW II-Schleswig-Holstein"]
[Site "Braunfels"]
[Date "2010.06.04"]
[Round "2.7"]
[White "Krupp, Katja"]
[Black "Lennartz, Christina"]
[Result "0-1"]
[WhiteElo "1646"]
[BlackElo "1844"]
[PlyCount "153"]
[EventDate "2010.06.03"]
[WhiteTeam "Schleswig-Holstein"]
[BlackTeam "NRW II"]

1. e4 c5 2. Nc3 a6 3. Nf3 Nc6 4. Be2 e6 5. d3 Be7 6. O-O b5 7. Re1 Bb7 8. Bf1
Qc7 9. Ne2 Nf6 10. Ng3 h5 11. h4 Ng4 12. e5 d6 13. Bf4 dxe5 14. Bd2 Nd4 15. c3
Nxf3+ 16. gxf3 Nf6 17. Bg2 Nd7 18. Ne4 Bxh4 19. Qe2 f6 20. Bh3 f5 21. Ng5 Bxg5
22. Bxg5 g6 23. Rac1 Qb8 24. d4 c4 25. dxe5 Nc5 26. Rc2 Bd5 27. Kg2 Qb7 28. Qe3
Nd3 29. Ree2 h4 30. b3 Rh5 31. Red2 Bxf3+ 32. Kf1 Bd5 33. f4 Qc7 34. bxc4 bxc4
35. Rd1 Rb8 36. Rcd2 Rh7 37. Kg1 Qa5 38. Rc2 Qa4 39. Qd2 Rhb7 40. Bf1 Nc5 41.
Qd4 Ne4 42. Rh2 Nxg5 43. fxg5 Rh7 44. Rdd2 Rbb7 45. Rxh4 Qc6 46. Rdh2 Rxh4 47.
Qxh4 Qc5+ 48. Rf2 Rg7 49. Qh8+ Kf7 50. Qd8 Rh7 51. Bg2 Bxg2 52. Kxg2 Qd5+ 53.
Qxd5 exd5 54. Re2 Ke6 55. Kg3 Rh5 56. Kf4 Rh4+ 57. Kf3 Rg4 58. Re1 Rxg5 59. Kf4
Rg4+ 60. Kf3 g5 61. Rb1 Kxe5 62. Rb6 Rh4 63. Ke2 Rh2+ 64. Ke3 Rxa2 65. Rg6 g4
66. Rg5 Ra3 67. Kd2 Kf4 68. Rg7 Ra2+ 69. Kc1 g3 70. Kb1 Rf2 71. Kc1 g2 72. Kd1
Ra2 73. Ke1 Kf3 74. Rg6 Ra1+ 75. Kd2 g1=Q 76. Rxg1 Rxg1 77. Kc2 0-1

[Event "DFMM: NRW II-Schleswig-Holstein"]
[Site "Braunfels"]
[Date "2010.06.04"]
[Round "2.8"]
[White "Roitburd, Swetlana"]
[Black "Biehl, Katrin"]
[Result "1-0"]
[WhiteElo "1634"]
[BlackElo "1086"]
[PlyCount "51"]
[EventDate "2010.06.03"]
[WhiteTeam "NRW II"]
[BlackTeam "Schleswig-Holstein"]

1. e4 e5 2. Nf3 d6 3. Nc3 Be6 4. d4 exd4 5. Nxd4 Ne7 6. Nxe6 fxe6 7. Bg5 Nbc6
8. Bxe7 Bxe7 9. Qg4 Nd4 10. O-O-O Bf6 11. Bc4 Qe7 12. f4 O-O-O 13. Rhe1 Kb8 14.
e5 dxe5 15. fxe5 Qc5 16. exf6 Qxc4 17. Qxg7 Nf5 18. Qxh7 Qf4+ 19. Kb1 b6 20.
Rxd8+ Rxd8 21. Qf7 Qf2 22. Rc1 Ne3 23. Qe7 Rd2 24. Ne4 Qxg2 25. Nxd2 Qxd2 26.
f7 1-0

[Event "DFMM: Baden-Berlin"]
[Site "Braunfels"]
[Date "2010.06.04"]
[Round "2.1"]
[White "Wagner-Michel, Annett"]
[Black "Zilberman, Polina"]
[Result "1/2-1/2"]
[WhiteElo "2122"]
[BlackElo "2169"]
[PlyCount "99"]
[EventDate "2010.06.03"]
[WhiteTeam "Berlin"]
[BlackTeam "Baden"]

1. e4 e6 2. d4 d5 3. exd5 exd5 4. Nf3 Nc6 5. Bb5 Bd6 6. O-O Nge7 7. c4 dxc4 8.
Bxc4 O-O 9. Nc3 Ng6 10. Bg5 Qd7 11. Ne4 Bf4 12. Re1 h6 13. Bxf4 Nxf4 14. Ng3
Rd8 15. Qd2 Ng6 16. Rac1 Qd6 17. Bb5 Bg4 18. Ne4 Qf4 19. Bxc6 bxc6 20. Qxf4
Nxf4 21. Rc3 Rab8 22. b3 Bxf3 23. Rxf3 Ne6 24. Rd3 Nxd4 25. Red1 Ne6 26. f3 Kf8
27. Kf2 Ke7 28. Ke3 Rxd3+ 29. Rxd3 f5 30. Nf2 Rb5 31. f4 g5 32. g3 gxf4+ 33.
gxf4 Rb4 34. Nh3 Re4+ 35. Kf3 Nd4+ 36. Kg3 Ne2+ 37. Kf3 Nd4+ 38. Kg3 c5 39. a3
Ne2+ 40. Kf3 Nd4+ 41. Kg3 h5 42. Ng5 h4+ 43. Kxh4 Rxf4+ 44. Kh5 Rf2 45. h4 Kf6
46. Kh6 Ne6 47. Re3 Nf4 48. Nh7+ Kf7 49. Ng5+ Kf6 50. Nh7+ 1/2-1/2

[Event "DFMM: Baden-Berlin"]
[Site "Braunfels"]
[Date "2010.06.04"]
[Round "2.2"]
[White "Frey, Alisa"]
[Black "Von Herman, Brigitte"]
[Result "1-0"]
[WhiteElo "2049"]
[BlackElo "2108"]
[PlyCount "125"]
[EventDate "2010.06.03"]
[WhiteTeam "Baden"]
[BlackTeam "Berlin"]

1. e4 e5 2. Nf3 d6 3. d4 exd4 4. Nxd4 Nf6 5. Nc3 Be7 6. Be2 Nc6 7. Be3 O-O 8.
Qd2 Re8 9. f3 a6 10. g4 Nxd4 11. Bxd4 c5 12. Be3 b5 13. g5 b4 14. Nd1 Nd7 15.
h4 Nb6 16. h5 d5 17. e5 d4 18. Bf4 Bf5 19. Rg1 c4 20. Nf2 Rc8 21. Ne4 Nd5 22.
Nf6+ Nxf6 23. gxf6 Bxf6 24. exf6 d3 25. O-O-O Qxf6 26. Bf1 c3 27. bxc3 bxc3 28.
Qf2 d2+ 29. Kb1 Bxc2+ 30. Kxc2 Qxf4 31. Rg4 Qf5+ 32. Bd3 Qa5 33. a4 Rb8 34.
Rdg1 Rb2+ 35. Kd1 g6 36. hxg6 hxg6 37. Bxg6 Re1+ 38. Rxe1 dxe1=Q+ 39. Qxe1 Qd5+
40. Kc1 Kf8 41. Qxc3 Re2 42. Qh8+ Ke7 43. Qh4+ Kf8 44. Qh8+ Ke7 45. Re4+ Rxe4
46. Bxe4 Qc4+ 47. Bc2 Qf4+ 48. Kb1 Qxf3 49. Qe5+ Kf8 50. Qd6+ Kg7 51. Qxa6 f5
52. Qd3 Qb7+ 53. Ka1 Qb4 54. Qd7+ Kh6 55. Qe6+ Kg7 56. Qe5+ Kh6 57. Qxf5 Qa3+
58. Kb1 Qb4+ 59. Ka2 Qc4+ 60. Ka3 Qc3+ 61. Bb3 Qa1+ 62. Kb4 Qd4+ 63. Kb5 1-0

[Event "DFMM: Baden-Berlin"]
[Site "Braunfels"]
[Date "2010.06.04"]
[Round "2.3"]
[White "Silz, Elisa"]
[Black "Vidonyak, Nellya"]
[Result "0-1"]
[WhiteElo "1914"]
[BlackElo "2175"]
[PlyCount "73"]
[EventDate "2010.06.03"]
[WhiteTeam "Berlin"]
[BlackTeam "Baden"]

1. d4 d5 2. c4 e6 3. Nc3 Nf6 4. Bg5 Be7 5. e3 O-O 6. Nf3 h6 7. Bh4 b6 8. cxd5
exd5 9. Rc1 Bb7 10. Bd3 Ne4 11. Bxe7 Qxe7 12. O-O c5 13. dxc5 bxc5 14. Bb1 Nf6
15. Qb3 d4 16. exd4 Bxf3 17. gxf3 Nc6 18. Nd5 Nxd5 19. Qxd5 Nxd4 20. Qxc5 Qf6
21. Be4 Ne2+ 22. Kg2 Nxc1 23. Bxa8 Nd3 24. Qxa7 Nf4+ 25. Kh1 Qxb2 26. Be4 Qe2
27. Rb1 Rd8 28. Qa4 Qxf2 29. Bh7+ Kxh7 30. Qxf4 Qxa2 31. Rg1 Qd5 32. h4 Rd6 33.
Qg3 Rg6 34. Qf2 Rf6 35. Rg3 Qd1+ 36. Kh2 Qa4 37. Rg4 0-1

[Event "DFMM: Baden-Berlin"]
[Site "Braunfels"]
[Date "2010.06.04"]
[Round "2.4"]
[White "Rubina, Tatiana"]
[Black "Fischer, Anke"]
[Result "1-0"]
[WhiteElo "1980"]
[BlackElo "1845"]
[PlyCount "83"]
[EventDate "2010.06.03"]
[WhiteTeam "Baden"]
[BlackTeam "Berlin"]

1. e4 c5 2. Nc3 e6 3. Nge2 Nc6 4. g3 Nf6 5. Bg2 d5 6. exd5 exd5 7. d4 c4 8. Bg5
Bb4 9. O-O Be6 10. Nf4 Bxc3 11. bxc3 Qd7 12. Bxf6 gxf6 13. Nh5 O-O-O 14. Nxf6
Qe7 15. Qf3 Qa3 16. Qe3 Qe7 17. Qf4 Qa3 18. Qd2 h5 19. Rfe1 h4 20. g4 Qd6 21.
f4 Ne7 22. Re2 Ng8 23. Nxg8 Rdxg8 24. h3 f5 25. g5 Bf7 26. Rae1 Re8 27. Rxe8+
Rxe8 28. Rxe8+ Bxe8 29. Qe1 Ba4 30. Qxh4 Bxc2 31. Qh8+ Kd7 32. Qe5 Qxe5 33.
fxe5 Kc6 34. g6 f4 35. g7 Bh7 36. Kf2 a5 37. Bf3 b5 38. Bh5 Bg8 39. Be8+ Kb6
40. Bg6 b4 41. h4 b3 42. a4 1-0

[Event "DFMM: Baden-Berlin"]
[Site "Braunfels"]
[Date "2010.06.04"]
[Round "2.5"]
[White "Nekrasova, Kateryna"]
[Black "Schneider, Birgit"]
[Result "0-1"]
[WhiteElo "1799"]
[BlackElo "2025"]
[PlyCount "40"]
[EventDate "2010.06.03"]
[WhiteTeam "Berlin"]
[BlackTeam "Baden"]

1. e4 c5 2. Nf3 Nc6 3. d4 cxd4 4. Nxd4 g6 5. Nc3 Bg7 6. Be3 Nf6 7. Be2 O-O 8.
Qd2 d5 9. exd5 Nxd5 10. Nxc6 bxc6 11. O-O-O Bxc3 12. bxc3 Qa5 13. Bc4 Qa3+ 14.
Kb1 Nxc3+ 15. Ka1 Be6 16. Qd3 Bxc4 17. Qxc4 Rab8 18. Rb1 Rxb1+ 19. Rxb1 Nxb1
20. Bc5 Qc3+ 0-1

[Event "DFMM: Baden-Berlin"]
[Site "Braunfels"]
[Date "2010.06.04"]
[Round "2.6"]
[White "Kohm, Vanessa"]
[Black "Velina, Valeria"]
[Result "1-0"]
[WhiteElo "1768"]
[BlackElo "1776"]
[PlyCount "75"]
[EventDate "2010.06.03"]
[WhiteTeam "Baden"]
[BlackTeam "Berlin"]

1. d4 d5 2. c4 dxc4 3. Nc3 a6 4. a4 Nf6 5. e3 Bf5 6. Bxc4 e6 7. Nf3 Nc6 8. O-O
h6 9. Bd2 Bd6 10. Re1 Nb4 11. e4 Bg6 12. Rc1 Be7 13. Qb3 Rb8 14. a5 Nd7 15. Nb1
Nc6 16. d5 exd5 17. exd5 Na7 18. Bb4 Nc8 19. Qa3 Kf8 20. Rxe7 Nxe7 21. Re1 Kg8
22. Bxe7 Qc8 23. Nc3 Kh7 24. Nh4 Nf8 25. h3 Bf5 26. Nxf5 Qxf5 27. Na4 Ng6 28.
Qg3 Qd7 29. Nc5 Qf5 30. h4 Qf4 31. Qd3 h5 32. g3 Qg4 33. Qc2 Kg8 34. Bg5 Nf8
35. Re7 Nh7 36. d6 cxd6 37. Bxf7+ Kf8 38. Nd7+ 1-0

[Event "DFMM: Baden-Berlin"]
[Site "Braunfels"]
[Date "2010.06.04"]
[Round "2.7"]
[White "Schön, Heike"]
[Black "Dittrich, Jacqueline"]
[Result "1-0"]
[WhiteElo "1696"]
[BlackElo "1731"]
[PlyCount "39"]
[EventDate "2010.06.03"]
[WhiteTeam "Berlin"]
[BlackTeam "Baden"]

1. d4 d5 2. c4 Nc6 3. Nf3 Bg4 4. e3 e5 5. dxe5 d4 6. exd4 Bb4+ 7. Bd2 Nxd4 8.
Qa4+ c6 9. Bxb4 b5 10. cxb5 Bxf3 11. Bc3 Qg5 12. gxf3 Rd8 13. Bxd4 Qf4 14. bxc6
Rxd4 15. c7+ Ke7 16. Qxd4 Qxd4 17. c8=Q Qxe5+ 18. Be2 Qxb2 19. Qc5+ Kf6 20.
Qd6+ 1-0

[Event "DFMM: Baden-Berlin"]
[Site "Braunfels"]
[Date "2010.06.04"]
[Round "2.8"]
[White "Braun, Viktoria"]
[Black "Strate, Gerda"]
[Result "1/2-1/2"]
[WhiteElo "1588"]
[BlackElo "1696"]
[PlyCount "85"]
[EventDate "2010.06.03"]
[WhiteTeam "Baden"]
[BlackTeam "Berlin"]

1. e4 e5 2. Nf3 Nc6 3. Bc4 h6 4. c3 d6 5. d3 Qd7 6. h3 Na5 7. Nbd2 Nf6 8. O-O
Be7 9. Re1 O-O 10. b4 Nxc4 11. Nxc4 b5 12. Ne3 Qd8 13. Qc2 Nh5 14. Nd5 c6 15.
Nxe7+ Qxe7 16. Be3 f5 17. exf5 Bxf5 18. Qd1 Bg6 19. a4 Nf4 20. Bxf4 Rxf4 21.
Qd2 Qf8 22. axb5 cxb5 23. Ra5 a6 24. Re3 Kh8 25. Nh2 Bh5 26. f3 Qd8 27. Re4 Rf7
28. Ng4 Bxg4 29. Rxg4 Qb6+ 30. Kh1 d5 31. Ra1 a5 32. bxa5 Rxa5 33. Rxa5 Qxa5
34. Qb2 Rc7 35. Rb4 Rc6 36. d4 exd4 37. cxd4 Rc1+ 38. Qxc1 Qxb4 39. Qc8+ Kh7
40. Qf5+ Kh8 41. Qxd5 Qe1+ 42. Kh2 b4 43. Qf7 1/2-1/2

[Event "DFMM: Thüringen-Sachsen"]
[Site "Braunfels"]
[Date "2010.06.04"]
[Round "3.1"]
[White "Rößler, Ulrike"]
[Black "Hannes, Diana"]
[Result "1/2-1/2"]
[WhiteElo "2176"]
[BlackElo "2124"]
[PlyCount "53"]
[EventDate "2010.06.03"]
[WhiteTeam "Sachsen"]
[BlackTeam "Thüringen"]

1. e4 c5 2. Nf3 e6 3. d4 cxd4 4. Nxd4 a6 5. Nc3 Qc7 6. Bd3 Nf6 7. Qe2 d6 8. f4
Nc6 9. Nxc6 bxc6 10. e5 Nd7 11. exd6 Bxd6 12. Qg4 g6 13. Ne4 Be7 14. Qe2 Nc5
15. Nxc5 Bxc5 16. Be3 Qb6 17. Bxc5 Qxc5 18. O-O-O a5 19. Rhe1 O-O 20. Qe5 Qb6
21. Be4 Ba6 22. Rd6 Rac8 23. Qc3 Rfd8 24. Rxd8+ Rxd8 25. Qe3 c5 26. Bf3 Bc4 27.
a3 1/2-1/2

[Event "DFMM: Thüringen-Sachsen"]
[Site "Braunfels"]
[Date "2010.06.04"]
[Round "3.2"]
[White "Müller-Ludwig, Kristin"]
[Black "Schulz, Petra"]
[Result "1/2-1/2"]
[WhiteElo "2151"]
[BlackElo "2085"]
[PlyCount "43"]
[EventDate "2010.06.03"]
[WhiteTeam "Thüringen"]
[BlackTeam "Sachsen"]

1. e4 e6 2. d4 d5 3. Nc3 Bb4 4. e5 Qd7 5. a3 Bxc3+ 6. bxc3 b6 7. a4 Ba6 8. Bxa6
Nxa6 9. Qd3 Nb8 10. f4 Nc6 11. Nf3 Na5 12. O-O g6 13. Ba3 Nc4 14. Nd2 Nxd2 15.
Qxd2 h5 16. a5 b5 17. a6 Nh6 18. Bc5 c6 19. Qd3 Nf5 20. g3 Rc8 21. Qf3 Rc7 22.
Kf2 1/2-1/2

[Event "DFMM: Thüringen-Sachsen"]
[Site "Braunfels"]
[Date "2010.06.04"]
[Round "3.3"]
[White "Gasch, Franziska"]
[Black "Skibbe, Diana"]
[Result "0-1"]
[WhiteElo "1979"]
[BlackElo "2083"]
[PlyCount "114"]
[EventDate "2010.06.03"]
[WhiteTeam "Sachsen"]
[BlackTeam "Thüringen"]

1. e4 e5 2. Bc4 Nf6 3. d3 Bc5 4. Nf3 Nc6 5. c3 d6 6. b4 Bb6 7. O-O Ne7 8. Nbd2
Ng6 9. Bb3 c6 10. Nc4 Bc7 11. Bg5 h6 12. Bd2 O-O 13. Qc2 Bg4 14. Kh1 Nh5 15.
Ng1 d5 16. Ne3 Be6 17. Ne2 Kh8 18. Ng3 Nhf4 19. Rad1 Nh4 20. Rg1 g6 21. Bc1 Kh7
22. Ne2 d4 23. cxd4 Bxb3 24. axb3 Nxe2 25. Qxe2 exd4 26. Nf1 g5 27. Qh5 Qf6 28.
Ng3 Bxg3 29. fxg3 Ng6 30. h4 Ne5 31. hxg5 Qg6 32. Qxg6+ fxg6 33. gxh6 Ng4 34.
Rd2 g5 35. Re1 Rf7 36. Kg1 Kxh6 37. Rc2 Ne5 38. Rd1 Kh5 39. Rf2 Raf8 40. Rxf7
Rxf7 41. Bb2 Rd7 42. Kf2 Kg4 43. Ke2 Kxg3 44. Rf1 Ng6 45. Bc1 g4 46. Rf6 Nh4
47. e5 Nxg2 48. e6 Re7 49. Bg5 Rg7 50. Rf5 Rxg5 51. Rxg5 Nf4+ 52. Kf1 Nxe6 53.
Re5 Nf4 54. Re4 Kf3 55. Rxd4 g3 56. Rxf4+ Kxf4 57. Kg2 Ke3 0-1

[Event "DFMM: Thüringen-Sachsen"]
[Site "Braunfels"]
[Date "2010.06.04"]
[Round "3.4"]
[White "Lange, Corinna"]
[Black "Dämering, Katrin"]
[Result "1-0"]
[WhiteElo "2033"]
[BlackElo "2050"]
[PlyCount "69"]
[EventDate "2010.06.03"]
[WhiteTeam "Thüringen"]
[BlackTeam "Sachsen"]

1. e4 c5 2. Nf3 d6 3. d4 cxd4 4. Nxd4 Nf6 5. Nc3 a6 6. a4 e6 7. Be3 Be7 8. Be2
O-O 9. O-O Qc7 10. Nb3 b6 11. f4 Bb7 12. Bf3 Nbd7 13. g4 Rfd8 14. g5 Ne8 15.
Qe2 Rac8 16. Rad1 Qc4 17. Qf2 Qc7 18. Bg2 b5 19. axb5 axb5 20. Rd2 b4 21. Nb5
Qb8 22. Na7 Rc7 23. Rfd1 Ba6 24. Na5 Bb5 25. Bf1 Bxf1 26. N5c6 Qa8 27. Nxd8
Bxd8 28. Rxf1 Qxe4 29. Nb5 Rc6 30. Ra1 Nb6 31. Na7 Nc4 32. Rd4 Qxe3 33. Qxe3
Nxe3 34. Nxc6 Nxc2 35. Ra8 1-0

[Event "DFMM: Thüringen-Sachsen"]
[Site "Braunfels"]
[Date "2010.06.04"]
[Round "3.5"]
[White "Kalies, Grit"]
[Black "Kube, Hannelore"]
[Result "1/2-1/2"]
[WhiteElo "2016"]
[BlackElo "2001"]
[PlyCount "55"]
[EventDate "2010.06.03"]
[WhiteTeam "Sachsen"]
[BlackTeam "Thüringen"]

1. e4 e5 2. d4 exd4 3. Qxd4 Nc6 4. Qe3 Nf6 5. Bd2 Bb4 6. Nc3 O-O 7. O-O-O Re8
8. f3 d5 9. Be1 d4 10. Qf2 Qe7 11. Nb1 Bc5 12. Bd3 Be6 13. a3 Ne5 14. Ne2 Rad8
15. Nf4 Ba2 16. b4 Bb6 17. Kb2 Bxb1 18. Rxb1 c5 19. Qe2 Qc7 20. Bb5 Re7 21. Bg3
cxb4 22. axb4 Qc3+ 23. Ka2 Rc8 24. Rhc1 Rec7 25. Rb2 a5 26. Be1 Qe3 27. Qxe3
dxe3 28. c3 1/2-1/2